| 000 | 00509nam a2200157Ia 4500 | ||
|---|---|---|---|
| 008 | 210716s2008 xx 000 0 und d | ||
| 020 | _a9788184046021 | ||
| 041 | _aeng | ||
| 082 | _a005.3622 SILT | ||
| 100 | _aSilver, Tessa Blakeley. | ||
| 245 |
_aWord press theme design: a complete guide to creating profess. _bcomplete guide to creating profess. |
||
| 250 | _a1 | ||
| 260 |
_aNew Delhi _bShroff Publishers and Distributors Pvt Ltd _c2008 |
||
| 300 | _av,211,5 | ||
| 650 | _aMicrosoft Windows(005.269) | ||
| 999 |
_c189113 _d189113 |
||